000 00285nam a2200109Ia 4500
008 200302s9999 xx 000 0 und d
100 _aMartin M. Pegler
245 _aMarket Supermarket & Hypermarket Design
260 _bRetail Reporting Corporation
260 _c1990
300 _a224 P.,
999 _c1025
_d1025